000 02550nam a2200301 a 4500
001 000027045
003 DO-SdBNP
005 20251120073733.0
007 ta
008 110329s1981 dr 000 0 spa d
040 _aDO-SdBNP
_bspa
_cBNPHU
082 4 _a330.97293
_bV422c
_222
100 1 _aVega, Bernardo,
_d1938 -
_93222
245 1 3 _aLa coyuntura económica dominicana 1980-1981 /
_cBernardo Vega ; prólogo Rafael Herrera
260 _aSantiago, República Dominicana :
_bUCMM,
_c1981
300 _a146 p. ;
_c22 cm.
490 1 _aEstudios ;
_v73
505 _aIntroducción
_tPrólogo. /
_rDon Rafael Herrera.--
_tImperialismo a la Criolla (3 de mayo de 1980).--
_tCuadrando el descuadre (24 de mayo de 1980).--
_tEl quinto del rey y el decimo de la OPEP (14 de junio de 1980).--
_tEl parto de los mini- dólares (5 de julio de 1980).--
_tMitos y leyendas económicas en Santo Domingo (12 de julio de 1980).--
_tCarta a mí mismo (18 de julio de 1980).--
_tLos dólares ajenos (26 de julio de 1980).-- .--
_tJuan Bobo y Pedro Animal (2 de agosto de 1980).--
_tSueño a la Sombra de las Pirámides. (23 de agosto de 1980).--
_tGrado de cumplimiento de programa económico del gobierno (30 de agosto de 1980).--
_tLa Fábula de los tres motores (13 de septiembre de 1980).--
_tLos apuros de la clase media dominicana, a pesar del discreto encanto de nuestra burguesía (4 de octubre de 1980).--
_tEl difícil parto de las agroindustrias (11 de octubre de 1980).--
_tVenezuela: Financiamientos, Refinerías, Exploraciones y otros Corotos (18 de octubre de 1980).--
_tRecordando mis Tiempos de Estudiantes (25 de octubre de 1980).--
_t¿Quién realmente paga el costo de nuestra electricidad? (1 de noviembre de 1980).--
_tEl Estado Promotor (8 de noviembre de 1980).--
_tContrastes (15 de noviembre de 1980).--
_tCapítulo Inédito del Diario del Almirante de la Mar Oceana (22 de noviembre de 1980).--
_tLa Pastoral Económica (6 de diciembre de 1980).--
_tSe acaba el Maní (20 de diciembre de 1980).--
_tLa Catedra de Economía (28 de febrero de 1981
590 _aInventariado, 2018/VM
651 4 _aRepública Dominicana
_xCondiciones económicas
_y1980-1981
_954136
651 4 _aRepública Dominicana
_xPolítica económica
_y1980-1981
_954137
651 4 _aRepública Dominicana
_xRelaciones económicas exteriores
_y1980-1981
_954138
700 1 _aHerrera, Rafael,
_eprólogo
_98495
710 2 _aPontificia Universidad Católica Madre y Maestra
_9843
830 0 _aEstudios
_n73
_983188
910 _aValidado. Control de calidad MFF
942 _2ddc
_cLBS1
999 _c26537
_d26537